Χειραγωγία της εμπορικής διπλογραφίας δια σχολεία και ιδίαν μελέτη
Αποθηκεύτηκε σε:
| Κύριος συγγραφέας: | |
|---|---|
| Μορφή: | Βιβλίο |
| Γλώσσα: | Greek |
| Δημοσίευση: |
Βιέννη της Αυστρίας :
Εκ της Τυπογραφίας των μεχιθαριστών,
1849.
|
| Θέματα: | |
| Διαθέσιμο Online: | http://hdl.handle.net/11610/16491 |
| Ετικέτες: |
Προσθήκη ετικέτας
Δεν υπάρχουν, Καταχωρήστε ετικέτα πρώτοι!
|
MARC
| LEADER | 00000cam a2200000 i 4500 | ||
|---|---|---|---|
| 001 | 1/32314 | ||
| 008 | 130628s1849 au | ||| |||| ||gre|| | ||
| 035 | |l 10114895 | ||
| 040 | |a GR-MyUA |b gre |e AACR2 | ||
| 041 | 0 | |a gre | |
| 082 | 0 | |a 657 |2 (22) | |
| 100 | 1 | |a Ιαντσούλης, Κ. | |
| 245 | 1 | 0 | |a Χειραγωγία της εμπορικής διπλογραφίας δια σχολεία και ιδίαν μελέτη / |c εκ του γερμανικού υπό του Καισαροβασιλικού μεσίτου Κ. Ιαντσούλη. |
| 260 | |a Βιέννη της Αυστρίας : |b Εκ της Τυπογραφίας των μεχιθαριστών, |c 1849. | ||
| 300 | |a 189 σ. : |b πίν. ; |c 22 εκ. | ||
| 500 | |a Στη σ.τ. φέρει σφραγίδα. | ||
| 500 | |a Υπάρχει ψηφιακό αντίγραφο. | ||
| 650 | 0 | 0 | |a Accounting. |
| 852 | |a INST |b SAMOS |c PORFYRIADA |e 20130628 |h 657 ΙΑΝ |p 005300040302 |q 005300040302 |t NOLOAN |y 23 | ||
| 856 | |u http://hdl.handle.net/11610/16491 | ||
| 901 | |a BIBL3-2013-2 | ||
| 909 | |a Σ |b 178530 | ||
| 970 | |a ΚΟΣΙΕΡΗΣ |b ΧΡΗΣΤΟΣ |z 2013/06/27 | ||